La importancia estratégica de la Plataforma Laboral de las Américas /
সংরক্ষণ করুন:
| প্রধান লেখক: | |
|---|---|
| বিন্যাস: | পাঠ্য |
| বিষয়গুলি: | |
| ট্যাগগুলো: |
ট্যাগ যুক্ত করুন
কোনো ট্যাগ নেই, প্রথমজন হিসাবে ট্যাগ করুন!
|
MARC
| LEADER | 00000 a a2200000 04500 | ||
|---|---|---|---|
| 001 | 10871 | ||
| 003 | |||
| 040 | |||
| 100 | |a Godio, Julio | ||
| 245 | |a La importancia estratégica de la Plataforma Laboral de las Américas / |c Julio Godio | ||
| 650 | |a SINDICALISMO | ||
| 650 | |a EMPLEO | ||
| 650 | |a AMERICA LATINA | ||
| 773 | |g número 211; páginas 98-108 | ||
| 999 | |c 24988 |d 24988 | ||
